[Event "Mitropa Cup 20th"]
[Site "Aymavilles"]
[Date "2000.11.19"]
[Round "2"]
[White "Sebenik, Matej"]
[Black "Kuemin, Simon"]
[Result "1/2-1/2"]
[WhiteElo "2287"]
[BlackElo "2259"]
[PlyCount "91"]
[EventDate "2000.11.18"]
[EventType "team-tourn"]
[EventRounds "8"]
[EventCountry "ITA"]
[Source "ChessBase"]
[SourceDate "2001.01.11"]

1. d4 Nf6 2. c4 g6 3. g3 Bg7 4. Bg2 d5 5. cxd5 Nxd5 6. e4 Nb6 7. Ne2 e5 8. d5
O-O 9. O-O c6 10. Nbc3 cxd5 11. exd5 Na6 12. b3 f5 13. Ba3 Rf7 14. Qd2 Bd7 15.
Rfd1 Qf6 16. Rac1 Rd8 17. d6 Be6 18. Nb5 f4 19. Nec3 Qf5 20. gxf4 Bh6 21. Ne2
Qh5 22. Ng3 Qh4 23. Qe2 Bxf4 24. Rc3 Bg4 25. Bf3 Bxf3 26. Rxf3 h5 27. Bb2 Qg4
28. Qe4 Nc5 29. h3 Qxh3 30. Qxg6+ Rg7 31. Qxg7+ Kxg7 32. Rxf4 Nbd7 33. Rh4 Qe6
34. Rxh5 Qg4 35. Rd5 Re8 36. Bxe5+ Rxe5 37. Rdxe5 Nxe5 38. Rxe5 Nd7 39. Re4
Qd1+ 40. Kh2 Nc5 41. d7 Nxe4 42. Nd4 Qd2 43. Ngf5+ Kg6 44. d8=Q Qxf2+ 45. Kh1
Qf1+ 46. Kh2 1/2-1/2

[Event "Mitropa Cup 20th"]
[Site "Aymavilles"]
[Date "2000.11.19"]
[Round "2"]
[White "Zufic, Miroslav"]
[Black "Vaculik, Martin"]
[Result "1/2-1/2"]
[WhiteElo "2223"]
[BlackElo "2222"]
[PlyCount "36"]
[EventDate "2000.11.18"]
[EventType "team-tourn"]
[EventRounds "8"]
[EventCountry "ITA"]
[Source "ChessBase"]
[SourceDate "2001.01.11"]

1. e4 e6 2. d4 d5 3. Nc3 Bb4 4. exd5 exd5 5. Bd3 Ne7 6. Nge2 Bf5 7. Ng3 Bg6 8.
O-O c6 9. f4 Bxd3 10. Qxd3 Nd7 11. f5 Qc7 12. Nce2 Bd6 13. Bf4 O-O-O 14. b4 h5
15. b5 h4 16. bxc6 Nxc6 17. Nh1 Nb6 18. Rab1 Rde8 1/2-1/2

[Event "Mitropa Cup 20th"]
[Site "Aymavilles"]
[Date "2000.11.20"]
[Round "3"]
[White "Castaldo, Folco"]
[Black "Colin, Vincent"]
[Result "1-0"]
[WhiteElo "2227"]
[BlackElo "2294"]
[PlyCount "91"]
[EventDate "2000.11.18"]
[EventType "team-tourn"]
[EventRounds "8"]
[EventCountry "ITA"]
[Source "ChessBase"]
[SourceDate "2001.01.11"]

1. e4 d6 2. d4 Nf6 3. Nc3 Nbd7 4. f4 e5 5. Nf3 exd4 6. Qxd4 Be7 7. e5 dxe5 8.
fxe5 Bc5 9. Qa4 Nh5 10. Bg5 f6 11. exf6 Nhxf6 12. O-O-O O-O 13. Qc4+ Kh8 14.
Rxd7 Bxd7 15. Qxc5 b6 16. Qe5 Ng4 17. Bxd8 Nxe5 18. Bxc7 Nxf3 19. gxf3 Bc6 20.
Rg1 Bxf3 21. Be5 Rf7 22. Bd3 Re8 23. Bd4 Rd8 24. Be3 Bc6 25. Ne2 Rf3 26. Bd4
Rd7 27. Bc3 Rf2 28. Nd4 Bd5 29. Nf5 Rg2 30. Rxg2 Bxg2 31. Kd2 Bh3 32. Nxg7 Rxg7
33. Ke3 h6 34. Kf4 Kg8 35. Bxg7 Kxg7 36. Ke5 h5 37. c4 a5 38. Kd6 Kf6 39. Kc6
Ke5 40. Kxb6 Kd4 41. Be2 a4 42. c5 h4 43. c6 Ke3 44. Ba6 Kd2 45. c7 Kc2 46.
c8=Q+ 1-0

[Event "Mitropa Cup 20th"]
[Site "Aymavilles"]
[Date "2000.11.20"]
[Round "3"]
[White "Grafl, Florian"]
[Black "Costantini, Roberto"]
[Result "0-1"]
[WhiteElo "2299"]
[BlackElo "2233"]
[PlyCount "142"]
[EventDate "2000.11.18"]
[EventType "team-tourn"]
[EventRounds "8"]
[EventCountry "ITA"]
[Source "ChessBase"]
[SourceDate "2001.01.11"]

1. e4 c5 2. Nf3 d6 3. d4 cxd4 4. Nxd4 Nf6 5. Nc3 a6 6. Bc4 e6 7. Bb3 Nbd7 8.
Qe2 Nc5 9. Bg5 Be7 10. f4 h6 11. Bxf6 Bxf6 12. O-O-O Qc7 13. Rhe1 Bd7 14. e5
dxe5 15. fxe5 Bg5+ 16. Kb1 O-O-O 17. g3 h5 18. h4 Be7 19. Qf3 Be8 20. Qf4 g6
21. Ne4 Nxe4 22. Qxe4 Kb8 23. Qf4 Rc8 24. c3 Qb6 25. Nf3 a5 26. Nd2 Qb5 27. Ne4
a4 28. Bc2 Ba3 29. b3 axb3 30. Bxb3 Qb6 31. Qe3 Qa5 32. Qd4 Bc6 33. Nd6 Rhd8
34. Kc2 Bf3 35. Rd3 Bg4 36. Qa4 Qc5 37. Ne4 Qe7 38. Rxd8 Rxd8 39. Bc4 Bf5 40.
Bd3 Bc5 41. Rb1 Be3 42. Qb4 Qxb4 43. Rxb4 Rd5 44. c4 Rd4 45. Nc5 Bxd3+ 46. Nxd3
Rg4 47. Kd1 Rxg3 48. Ke2 Ba7 49. c5 Rg4 50. c6 Rxb4 51. Nxb4 Bc5 52. Nd3 b6 53.
Ne1 Kc7 54. Nf3 Be7 55. Kd3 Kxc6 56. Kc4 b5+ 57. Kd4 Bd8 58. Ke4 Kc5 59. Kd3 b4
60. Ke3 Kc4 61. Kd2 Kd5 62. Kd3 Be7 63. Ke3 Bc5+ 64. Kd3 Be7 65. Ke3 f6 66.
exf6 Bxf6 67. Kd3 e5 68. Ke3 Be7 69. Ke2 e4 70. Ne1 Bxh4 71. Nc2 Be7 0-1

[Event "Mitropa Cup 20th"]
[Site "Aymavilles"]
[Date "2000.11.20"]
[Round "3"]
[White "Pinter, Erik"]
[Black "Zufic, Miroslav"]
[Result "1-0"]
[WhiteElo "2238"]
[BlackElo "2223"]
[PlyCount "103"]
[EventDate "2000.11.18"]
[EventType "team-tourn"]
[EventRounds "8"]
[EventCountry "ITA"]
[Source "ChessBase"]
[SourceDate "2001.01.11"]

1. e4 c5 2. Nc3 Nc6 3. f4 g6 4. Nf3 Bg7 5. Bc4 e6 6. O-O Nge7 7. d3 d5 8. Bb3
Nd4 9. Qe1 dxe4 10. dxe4 b5 11. Nxd4 Bxd4+ 12. Be3 c4 13. Nxb5 Bxe3+ 14. Qxe3
cxb3 15. Rfd1 Bd7 16. axb3 O-O 17. Rxa7 Nd5 18. exd5 Bxb5 19. c4 Rxa7 20. Qxa7
Bc6 21. Qc5 Bb7 22. d6 Qa8 23. Qa3 Qb8 24. b4 Qc8 25. d7 Qc6 26. Qf3 Qc7 27.
Qd3 Qc6 28. Rd2 Rd8 29. b5 Qc5+ 30. Qd4 Qb4 31. h3 Qa5 32. Kh2 Qc7 33. b3 g5
34. Qd6 Qxd6 35. Rxd6 Kf8 36. c5 Ke7 37. Rb6 Bd5 38. c6 Kd6 39. fxg5 Ra8 40.
Ra6 Rb8 41. Ra7 Bxc6 42. bxc6 Kxc6 43. d8=Q Rxd8 44. Rxf7 Rh8 45. h4 Kd5 46. b4
e5 47. b5 Ke6 48. Rf6+ Ke7 49. b6 e4 50. Rf4 Kd6 51. Rxe4 Kc5 52. b7 1-0

[Event "Mitropa Cup 20th"]
[Site "Aymavilles"]
[Date "2000.11.20"]
[Round "3"]
[White "Vaculik, Martin"]
[Black "Sebenik, Matej"]
[Result "1/2-1/2"]
[WhiteElo "2222"]
[BlackElo "2287"]
[PlyCount "131"]
[EventDate "2000.11.18"]
[EventType "team-tourn"]
[EventRounds "8"]
[EventCountry "ITA"]
[Source "ChessBase"]
[SourceDate "2001.01.11"]

1. e4 c5 2. Nf3 Nc6 3. d4 cxd4 4. Nxd4 Nf6 5. Nc3 e5 6. Ndb5 d6 7. Bg5 a6 8.
Na3 b5 9. Nd5 Be7 10. Bxf6 Bxf6 11. c3 Bb7 12. Nc2 Ne7 13. Ncb4 O-O 14. a4 Nxd5
15. Nxd5 Bc6 16. axb5 axb5 17. Bd3 Bxd5 18. exd5 Rxa1 19. Qxa1 b4 20. O-O bxc3
21. bxc3 Qc7 22. Qb1 g6 23. c4 Bg7 24. Qc2 Qc5 25. Kh1 f5 26. f3 Ra8 27. h3 Ra3
28. Qe2 Bh6 29. g4 Qd4 30. Rd1 Qf4 31. Rg1 Kf7 32. gxf5 gxf5 33. Qg2 Kf6 34.
Be2 Qh4 35. Bf1 Bg5 36. c5 dxc5 37. Qb2 Qb4 38. Qg2 h6 39. d6 Ra1 40. d7 Rd1
41. f4 Qxf4 42. Qc6+ Kg7 43. Qb7 Kh8 44. Qa8+ Kh7 45. Qb7 Qe4+ 46. Qxe4 fxe4
47. Bb5 Rxg1+ 48. Kxg1 Kg6 49. Kf2 Bh4+ 50. Ke3 Kf5 51. d8=Q Bxd8 52. Bd7+ Kf6
53. Kxe4 c4 54. Ba4 Bb6 55. Bb5 c3 56. Bd3 Bd4 57. Bc2 Ke6 58. Bb3+ Kd6 59. Kd3
Kc5 60. Bc2 Kb4 61. Bd1 Ka3 62. Bc2 Kb2 63. Ba4 h5 64. Bd1 h4 65. Ba4 Bf2 66.
Bd1 1/2-1/2

[Event "Mitropa Cup 20th"]
[Site "Aymavilles"]
[Date "2000.11.21"]
[Round "4"]
[White "Costantini, Roberto"]
[Black "Castaldo, Folco"]
[Result "1/2-1/2"]
[WhiteElo "2233"]
[BlackElo "2227"]
[PlyCount "122"]
[EventDate "2000.11.18"]
[EventType "team-tourn"]
[EventRounds "8"]
[EventCountry "ITA"]
[Source "ChessBase"]
[SourceDate "2001.01.11"]

1. e4 e6 2. d4 d5 3. Nc3 dxe4 4. Nxe4 Nd7 5. Nf3 Ngf6 6. Nxf6+ Nxf6 7. Bd3 b6
8. Qe2 Bb7 9. Bg5 Be7 10. O-O-O Bxf3 11. Qxf3 Qd5 12. Bb5+ Kf8 13. Qxd5 Nxd5
14. Bd2 Bf6 15. c4 Ne7 16. Bb4 a6 17. Bc6 Rd8 18. d5 Kg8 19. Bxe7 Bxe7 20. dxe6
Rd6 21. exf7+ Kxf7 22. Bd5+ Kf6 23. Rd3 h5 24. Re1 Bd8 25. Rg3 c6 26. Be4 g5
27. Rf3+ Kg7 28. Rd1 Rxd1+ 29. Kxd1 Bf6 30. Rb3 Bd4 31. Bxc6 Bxf2 32. Rd3 Bc5
33. Rd7+ Kf6 34. Bd5 Rf8 35. Rh7 h4 36. Rh6+ Ke5 37. b4 Bxb4 38. Rxb6 a5 39.
Re6+ Kd4 40. Kc2 Rf2+ 41. Kb3 h3 42. Re4+ Kd3 43. Rg4 hxg2 44. Be4+ Ke3 45.
Bxg2 Rf5 46. Bd5 Bd6 47. h3 Bf4 48. Ka4 Kd4 49. Kxa5 Kc5 50. h4 gxh4 51. Rxh4
Rf6 52. Rh5 Bd2+ 53. Ka4 Ra6+ 54. Kb3 Rb6+ 55. Kc2 Bb4 56. Kd3 Rd6 57. Ke4 Bc3
58. Rh3 Bb4 59. Rh7 Ba5 60. Rh5 Bb4 61. Ba8+ Kxc4 1/2-1/2

[Event "Mitropa Cup 20th"]
[Site "Aymavilles"]
[Date "2000.11.21"]
[Round "4"]
[White "Kuemin, Simon"]
[Black "Vaculik, Martin"]
[Result "1-0"]
[WhiteElo "2259"]
[BlackElo "2222"]
[PlyCount "95"]
[EventDate "2000.11.18"]
[EventType "team-tourn"]
[EventRounds "8"]
[EventCountry "ITA"]
[Source "ChessBase"]
[SourceDate "2001.01.11"]

1. d4 e6 2. c4 Nf6 3. Nc3 c5 4. d5 exd5 5. cxd5 d6 6. e4 g6 7. Nf3 Bg7 8. h3
O-O 9. Bd3 Na6 10. O-O Nc7 11. Re1 a6 12. a4 Rb8 13. Rb1 b5 14. axb5 Nxb5 15.
Bxb5 axb5 16. b4 Nd7 17. Qc2 f5 18. exf5 Rxf5 19. bxc5 b4 20. Ne4 Nxc5 21. Nxc5
dxc5 22. Qxc5 Bf8 23. Qa7 Bb7 24. Bg5 Qc8 25. Rbc1 Ra8 26. Qb6 Ra6 27. Qb5 Qa8
28. Rc7 Bxd5 29. Re8 Ra1+ 30. Bc1 Qa4 31. Rxf8+ Kxf8 32. Qb8+ Qe8 33. Qxb4+ Kg8
34. Qc3 Rxc1+ 35. Qxc1 Be6 36. Nd4 Rf7 37. Rxf7 Bxf7 38. Qf4 Bd5 39. h4 Qa8 40.
f3 Qe8 41. h5 gxh5 42. Qg5+ Kf8 43. Nf5 Qe1+ 44. Kh2 Bf7 45. Qd8+ Qe8 46. Qd6+
Kg8 47. Qf6 Qb8+ 48. Kh3 1-0

[Event "Mitropa Cup 20th"]
[Site "Aymavilles"]
[Date "2000.11.21"]
[Round "4"]
[White "Sebenik, Matej"]
[Black "Pinter, Erik"]
[Result "1-0"]
[WhiteElo "2287"]
[BlackElo "2238"]
[PlyCount "119"]
[EventDate "2000.11.18"]
[EventType "team-tourn"]
[EventRounds "8"]
[EventCountry "ITA"]
[Source "ChessBase"]
[SourceDate "2001.01.11"]

1. Nf3 Nf6 2. g3 g6 3. b3 Bg7 4. Bb2 O-O 5. Bg2 d6 6. d4 Bg4 7. O-O c6 8. Nbd2
Bxf3 9. Nxf3 Nbd7 10. Re1 Ne4 11. Nd2 Nxd2 12. Qxd2 d5 13. e4 e6 14. Ba3 Re8
15. e5 Qb6 16. c4 a5 17. Bd6 a4 18. c5 Qa7 19. b4 a3 20. b5 cxb5 21. Bf1 Qa5
22. Qxa5 Rxa5 23. Rab1 Nb8 24. Rxb5 Nc6 25. Rxa5 Nxa5 26. Re3 Nc6 27. Bb5 Ra8
28. Bxc6 bxc6 29. Rb3 Bh6 30. Rb6 Rc8 31. f4 g5 32. g4 gxf4 33. h4 f3 34. g5
Bf8 35. Kf2 h6 36. Kxf3 hxg5 37. hxg5 Kg7 38. Ra6 Kg6 39. Rxa3 Kxg5 40. Ra7 f6
41. a4 fxe5 42. Bxe5 Bh6 43. Bf4+ Kg6 44. Bxh6 Kxh6 45. Kf4 Rg8 46. Re7 Rg1 47.
Ke5 Re1+ 48. Kd6 Rd1 49. Kxc6 Rxd4 50. Rxe6+ Kg7 51. a5 Ra4 52. Kxd5 Rxa5 53.
Re1 Kf7 54. Kd6 Ra2 55. c6 Rd2+ 56. Kc7 Rc2 57. Kd7 Rd2+ 58. Kc8 Rc2 59. c7 Rb2
60. Re4 1-0

[Event "Mitropa Cup 20th"]
[Site "Aymavilles"]
[Date "2000.11.21"]
[Round "4"]
[White "Zufic, Miroslav"]
[Black "Grafl, Florian"]
[Result "1/2-1/2"]
[WhiteElo "2223"]
[BlackElo "2299"]
[PlyCount "43"]
[EventDate "2000.11.18"]
[EventType "team-tourn"]
[EventRounds "8"]
[EventCountry "ITA"]
[Source "ChessBase"]
[SourceDate "2001.01.11"]

1. e4 e5 2. Nf3 Nc6 3. Bb5 f5 4. d3 fxe4 5. dxe4 Nf6 6. Qe2 Bb4+ 7. Bd2 Bxd2+
8. Nbxd2 d6 9. O-O O-O 10. Bxc6 bxc6 11. Qc4+ Kh8 12. Qxc6 Rb8 13. Qc3 Nh5 14.
b3 Nf4 15. Qe3 Qe8 16. Ne1 Qh5 17. Qxa7 Bg4 18. f3 Ne2+ 19. Kf2 Nd4 20. Kg1
Ne2+ 21. Kf2 Nd4 22. Kg1 1/2-1/2

[Event "Mitropa Cup 20th"]
[Site "Aymavilles"]
[Date "2000.11.22"]
[Round "5"]
[White "Castaldo, Folco"]
[Black "Zufic, Miroslav"]
[Result "1-0"]
[WhiteElo "2227"]
[BlackElo "2223"]
[PlyCount "99"]
[EventDate "2000.11.18"]
[EventType "team-tourn"]
[EventRounds "8"]
[EventCountry "ITA"]
[Source "ChessBase"]
[SourceDate "2001.01.11"]

1. d4 Nf6 2. c4 g6 3. Nc3 Bg7 4. e4 d6 5. Nge2 O-O 6. Ng3 e5 7. d5 Nbd7 8. h4
h5 9. Bg5 a5 10. Be2 Re8 11. Bxh5 gxh5 12. Nxh5 Nf8 13. Qd2 N8h7 14. O-O-O Bg4
15. Nxg7 Kxg7 16. f3 Bd7 17. g4 Kh8 18. Be3 Rg8 19. Rdg1 Nf8 20. h5 N6h7 21. g5
Qe7 22. f4 f5 23. exf5 Bxf5 24. fxe5 dxe5 25. g6 Nxg6 26. hxg6 Rxg6 27. Rxg6
Bxg6 28. Qg2 Rg8 29. Qh3 Bd3 30. c5 Qf7 31. Rd1 Bf5 32. Qh2 Qe8 33. d6 cxd6 34.
cxd6 Qe6 35. Rd5 Rd8 36. Qxe5+ Nf6 37. Bd4 Qxe5 38. Rxe5 Bc8 39. Re7 Rxd6 40.
Bxf6+ Rxf6 41. Re8+ Kg7 42. Rxc8 Rf1+ 43. Kc2 Rf7 44. Kb3 Kf6 45. Rc5 b6 46.
Rc6+ Ke5 47. Rxb6 a4+ 48. Kxa4 Ra7+ 49. Kb5 Ra5+ 50. Kxa5 1-0

[Event "Mitropa Cup 20th"]
[Site "Aymavilles"]
[Date "2000.11.22"]
[Round "5"]
[White "Colin, Vincent"]
[Black "Costantini, Roberto"]
[Result "0-1"]
[WhiteElo "2294"]
[BlackElo "2233"]
[PlyCount "47"]
[EventDate "2000.11.18"]
[EventType "team-tourn"]
[EventRounds "8"]
[EventCountry "ITA"]
[Source "ChessBase"]
[SourceDate "2001.01.11"]

1. d4 d5 2. c4 e6 3. Nc3 Nf6 4. cxd5 exd5 5. Bg5 Be7 6. e3 c6 7. Bd3 Bg4 8.
Nge2 Bh5 9. f3 Bg6 10. e4 dxe4 11. fxe4 Nxe4 12. Bxe7 Qxe7 13. Nxe4 Bxe4 14.
Bxe4 Qxe4 15. Qb3 Nd7 16. O-O O-O-O 17. Rae1 Nf6 18. Qg3 Rhe8 19. Kh1 Qg4 20.
Qd3 Re6 21. Qd2 Rde8 22. Rf3 Ne4 23. Qc2 Rg6 24. Rg1 0-1

[Event "Mitropa Cup 20th"]
[Site "Aymavilles"]
[Date "2000.11.22"]
[Round "5"]
[White "Grafl, Florian"]
[Black "Sebenik, Matej"]
[Result "1/2-1/2"]
[WhiteElo "2299"]
[BlackElo "2287"]
[PlyCount "79"]
[EventDate "2000.11.18"]
[EventType "team-tourn"]
[EventRounds "8"]
[EventCountry "ITA"]
[Source "ChessBase"]
[SourceDate "2001.01.11"]

1. e4 c5 2. Nf3 Nc6 3. d4 cxd4 4. Nxd4 Nf6 5. Nc3 e5 6. Ndb5 d6 7. Bg5 a6 8.
Na3 b5 9. Bxf6 gxf6 10. Nd5 f5 11. Bxb5 axb5 12. Nxb5 Ra4 13. c4 Qa5+ 14. b4
Rxb4 15. O-O Rxc4 16. Rc1 Rxc1 17. Qxc1 Bd7 18. Qg5 Be7 19. Qg7 Rf8 20. Nbc7+
Kd8 21. Nxe7 Kxe7 22. Nd5+ Ke8 23. Nf6+ Ke7 24. Nxd7 Ra8 25. Nf6 fxe4 26. Qg5
h6 27. Qh4 Qd8 28. Nxe4+ Ke6 29. Qxh6+ f6 30. f4 Qh8 31. Qxh8 Rxh8 32. fxe5
fxe5 33. Rf6+ Kd5 34. Rxd6+ Kxe4 35. Rxc6 Ra8 36. Rc2 Kd3 37. Rb2 e4 38. Kf1 e3
39. Rb3+ Kd2 40. Rb2+ 1/2-1/2

[Event "Mitropa Cup 20th"]
[Site "Aymavilles"]
[Date "2000.11.22"]
[Round "5"]
[White "Pinter, Erik"]
[Black "Kuemin, Simon"]
[Result "0-1"]
[WhiteElo "2238"]
[BlackElo "2259"]
[PlyCount "74"]
[EventDate "2000.11.18"]
[EventType "team-tourn"]
[EventRounds "8"]
[EventCountry "ITA"]
[Source "ChessBase"]
[SourceDate "2001.01.11"]

1. e4 c5 2. Nf3 e6 3. d4 cxd4 4. Nxd4 a6 5. Be2 Nf6 6. Nc3 Qc7 7. O-O d6 8. Be3
Be7 9. f4 O-O 10. g4 b5 11. g5 Nfd7 12. Bd3 Re8 13. Qh5 g6 14. Qh6 Bf8 15. Qh4
b4 16. Nce2 e5 17. Nb3 exf4 18. Nxf4 Bb7 19. Rf3 Bg7 20. Nd4 Nf8 21. Raf1 Re7
22. Nh5 gxh5 23. Nf5 Nc6 24. Qxh5 Ne5 25. Nxg7 Nxf3+ 26. Rxf3 Kxg7 27. Bd4+ Re5
28. Qh6+ Kg8 29. b3 Bc8 30. Rf6 Be6 31. h4 Qe7 32. h5 a5 33. Be2 a4 34. Bc4
axb3 35. Bxb3 Rc8 36. g6 Qxf6 37. Bxe6 Qg5+ 0-1

[Event "Mitropa Cup 20th"]
[Site "Aymavilles"]
[Date "2000.11.23"]
[Round "6"]
[White "Kuemin, Simon"]
[Black "Grafl, Florian"]
[Result "1-0"]
[WhiteElo "2259"]
[BlackElo "2299"]
[PlyCount "128"]
[EventDate "2000.11.18"]
[EventType "team-tourn"]
[EventRounds "8"]
[EventCountry "ITA"]
[Source "ChessBase"]
[SourceDate "2001.01.11"]

1. d4 f5 2. g3 Nf6 3. Bg2 d6 4. c4 h6 5. Nc3 g5 6. h4 g4 7. d5 e5 8. dxe6 c6 9.
e4 Bxe6 10. exf5 Bxc4 11. Nge2 Nbd7 12. Bf4 Ne5 13. Bxe5 dxe5 14. Qa4 Bf7 15.
O-O Qb6 16. Rad1 Be7 17. Ne4 Nd5 18. f6 Bf8 19. Ng5 Nxf6 20. Nxf7 Kxf7 21. Qc4+
Kg7 22. Qe6 Qc5 23. Be4 Be7 24. Qf5 h5 25. Qg6+ Kf8 26. Bc2 Rg8 27. Qh6+ Rg7
28. Qh8+ Rg8 29. Qh6+ Rg7 30. Nc3 Rd8 31. Bb3 Rd4 32. Qh8+ Ng8 33. Qxh5 e4 34.
Qh8 Rxd1 35. Nxd1 Qd6 36. Qh5 Qc5 37. Qh8 Qd6 38. Bxg8 Rxg8 39. Qh7 Qg6 40.
Qxg6 Rxg6 41. Re1 Re6 42. Ne3 Rg6 43. Nf5 Re6 44. Ne3 Rg6 45. Ng2 c5 46. Rxe4
b5 47. b3 a5 48. Ne3 b4 49. Rf4+ Ke8 50. Rxg4 Rxg4 51. Nxg4 c4 52. Ne3 cxb3 53.
axb3 a4 54. bxa4 b3 55. Nd1 Kd7 56. Kf1 Kc6 57. Ke2 Kc5 58. h5 Kb4 59. h6 Kxa4
60. Kd3 Kb4 61. Ke4 Kc4 62. f4 Bf6 63. g4 b2 64. Nxb2+ Bxb2 1-0

[Event "Mitropa Cup 20th"]
[Site "Aymavilles"]
[Date "2000.11.23"]
[Round "6"]
[White "Sebenik, Matej"]
[Black "Castaldo, Folco"]
[Result "1/2-1/2"]
[WhiteElo "2287"]
[BlackElo "2227"]
[PlyCount "50"]
[EventDate "2000.11.18"]
[EventType "team-tourn"]
[EventRounds "8"]
[EventCountry "ITA"]
[Source "ChessBase"]
[SourceDate "2001.01.11"]

1. d4 e6 2. c4 d5 3. Nf3 Nf6 4. g3 Bb4+ 5. Bd2 Be7 6. Bg2 O-O 7. O-O c6 8. Qc2
b6 9. Rd1 Nbd7 10. Bf4 Bb7 11. Nc3 Nh5 12. Bc1 f5 13. b3 Rc8 14. a4 a5 15. Ba3
Bxa3 16. Rxa3 Nhf6 17. Qb2 Qe7 18. Raa1 Ne4 19. Rac1 Ba6 20. e3 h6 21. Ne2 Qb4
22. Nf4 dxc4 23. Bf1 c3 24. Qc2 Bxf1 25. Rxf1 Qd6 1/2-1/2

[Event "Mitropa Cup 20th"]
[Site "Aymavilles"]
[Date "2000.11.23"]
[Round "6"]
[White "Vaculik, Martin"]
[Black "Pinter, Erik"]
[Result "0-1"]
[WhiteElo "2222"]
[BlackElo "2238"]
[PlyCount "88"]
[EventDate "2000.11.18"]
[EventType "team-tourn"]
[EventRounds "8"]
[EventCountry "ITA"]
[Source "ChessBase"]
[SourceDate "2001.01.11"]

1. c4 Nf6 2. Nc3 g6 3. g3 Bg7 4. Bg2 O-O 5. e3 d6 6. Nge2 c6 7. O-O Bd7 8. h3
Na6 9. a3 b5 10. cxb5 cxb5 11. Bxa8 Qxa8 12. Kh2 Nc5 13. d4 Ne6 14. Ng1 Rc8 15.
Bd2 a5 16. f3 h5 17. Nce2 Nd5 18. e4 Nb6 19. d5 Nc5 20. Bc3 Bh6 21. Nf4 h4 22.
Nge2 hxg3+ 23. Kxg3 a4 24. Rg1 Nb3 25. Rb1 Rxc3 26. Nxc3 Nc4 27. Qe2 Qa7 28.
Rbd1 Qc5 29. Nd3 Qd4 30. f4 Qh8 31. h4 Bg7 32. Rh1 Nd4 33. Qf2 Qh5 34. Kg2 Bg4
35. Rdg1 Nf3 36. Nxb5 Ncd2 37. Re1 Nxe1+ 38. Rxe1 Bf3+ 39. Kh2 Nxe4 40. Rxe4
Bxe4 41. Ne1 Bxd5 42. Nc3 Bc6 43. Ng2 Bf6 44. Kg1 Qg4 0-1

[Event "Mitropa Cup 20th"]
[Site "Aymavilles"]
[Date "2000.11.23"]
[Round "6"]
[White "Zufic, Miroslav"]
[Black "Colin, Vincent"]
[Result "1/2-1/2"]
[WhiteElo "2223"]
[BlackElo "2294"]
[PlyCount "172"]
[EventDate "2000.11.18"]
[EventType "team-tourn"]
[EventRounds "8"]
[EventCountry "ITA"]
[Source "ChessBase"]
[SourceDate "2001.01.11"]

1. e4 c5 2. Nf3 d6 3. d4 cxd4 4. Nxd4 Nf6 5. Nc3 g6 6. Be3 Bg7 7. f3 Nc6 8. Qd2
O-O 9. O-O-O Nxd4 10. Bxd4 Be6 11. Kb1 Qc7 12. g4 Rfc8 13. h4 Qa5 14. a3 Rab8
15. h5 b5 16. h6 b4 17. Nb5 Bh8 18. Qxb4 Qxb4 19. axb4 a6 20. Na7 Rc7 21. b5
axb5 22. Nxb5 Rcb7 23. c4 Nd7 24. Bxh8 Kxh8 25. b3 Nc5 26. Rh2 Nxb3 27. Ra2 Nc5
28. Ra3 Nd7 29. Kc2 Ne5 30. Rd4 g5 31. Be2 Kg8 32. Kc3 f6 33. Ra7 Rxa7 34. Nxa7
Rb1 35. Nb5 Kf7 36. Na3 Rh1 37. Rd1 Rxh6 38. Kb4 Rh3 39. Rf1 Nc6+ 40. Ka4 Rh2
41. Bd1 Ne5 42. Kb4 Nd3+ 43. Kc3 Nf4 44. Nc2 h5 45. gxh5 Nxh5 46. Nd4 Nf4 47.
Re1 Rh3 48. Rg1 g4 49. Nxe6 Nxe6 50. Rxg4 Ng5 51. Rf4 e5 52. Rg4 Nxf3 53. Kb4
Ne1 54. Kb5 Rd3 55. Ba4 Nf3 56. Kc6 Ng5 57. Kd7 Rd4 58. Bc6 Kg6 59. Rh4 Rxc4
60. Kxd6 Nf7+ 61. Kd7 Rc1 62. Bd5 Rf1 63. Ke7 Ng5 64. Rh2 Rf4 65. Re2 Kh5 66.
Re3 Kg4 67. Bc6 Rf1 68. Ra3 Nxe4 69. Bxe4 f5 70. Bd5 e4 71. Kf6 Kf4 72. Ra4 Rb1
73. Be6 Rb5 74. Rc4 Rb8 75. Rc5 Rf8+ 76. Ke7 Rh8 77. Rxf5+ Kg3 78. Bd5 Rh4 79.
Ke6 Rf4 80. Re5 Kf3 81. Kd6 Ke3 82. Kc5 Kd3 83. Bc4+ Kd2 84. Rd5+ Kc3 85. Re5
Kd2 86. Rd5+ Kc3 1/2-1/2

[Event "Mitropa Cup 20th"]
[Site "Aymavilles"]
[Date "2000.11.24"]
[Round "7"]
[White "Castaldo, Folco"]
[Black "Kuemin, Simon"]
[Result "1-0"]
[WhiteElo "2227"]
[BlackElo "2259"]
[PlyCount "75"]
[EventDate "2000.11.18"]
[EventType "team-tourn"]
[EventRounds "8"]
[EventCountry "ITA"]
[Source "ChessBase"]
[SourceDate "2001.01.11"]

1. e4 c5 2. Nf3 e6 3. c3 d5 4. exd5 exd5 5. d4 Nc6 6. Bb5 Bd6 7. dxc5 Bxc5 8.
O-O Nge7 9. Nbd2 O-O 10. Nb3 Bb6 11. Re1 Nf5 12. Bd3 Bc7 13. Bxf5 Bxf5 14. Bg5
f6 15. Bh4 Bg4 16. Bg3 Ne5 17. Nbd4 Re8 18. Qb3 Bxf3 19. Nxf3 Nxf3+ 20. gxf3
Rxe1+ 21. Rxe1 Bxg3 22. hxg3 Qd7 23. Rd1 Rd8 24. Rd4 Re8 25. Rxd5 Qf7 26. Rd7
Qxb3 27. axb3 Re2 28. Rxb7 Rxb2 29. c4 Rb1+ 30. Kg2 a5 31. c5 Rc1 32. Rb5 Rc3
33. f4 Kf7 34. f5 g6 35. Rxa5 Rxb3 36. Ra7+ Kg8 37. c6 Rb8 38. Rd7 1-0

[Event "Mitropa Cup 20th"]
[Site "Aymavilles"]
[Date "2000.11.24"]
[Round "7"]
[White "Colin, Vincent"]
[Black "Sebenik, Matej"]
[Result "1-0"]
[WhiteElo "2294"]
[BlackElo "2287"]
[PlyCount "107"]
[EventDate "2000.11.18"]
[EventType "team-tourn"]
[EventRounds "8"]
[EventCountry "ITA"]
[Source "ChessBase"]
[SourceDate "2001.01.11"]

1. e4 e6 2. d3 c5 3. Nf3 Nc6 4. g3 d5 5. Qe2 Nf6 6. Bg2 Be7 7. O-O b6 8. Re1
Bb7 9. c3 h6 10. a3 Qd7 11. exd5 Nxd5 12. Nbd2 O-O 13. Nc4 Bf6 14. Nfe5 Nxe5
15. Nxe5 Bxe5 16. Qxe5 Rad8 17. b4 Nf6 18. Bxh6 Bxg2 19. Bxg7 Kxg7 20. Qg5+ Kh7
21. Qxf6 Qb7 22. Re5 Rd5 23. Rae1 Rc8 24. Rxd5 Bxd5 25. Re5 Bf3 26. h3 cxb4 27.
axb4 Rxc3 28. Qh4+ Kg7 29. Rg5+ Kf8 30. Qh8+ Ke7 31. Qxc3 Bh1 32. Kf1 Bg2+ 33.
Ke2 Qf3+ 34. Ke1 Bxh3 35. Qc7+ Kf6 36. Qf4+ Qxf4 37. gxf4 Bf5 38. Kd2 Ke7 39.
Rg8 Kd6 40. Ra8 a5 41. bxa5 bxa5 42. Rxa5 Bg4 43. Ra7 f6 44. Rf7 f5 45. Ra7 Kc5
46. Kc3 Bd1 47. Ra5+ Kc6 48. Kd4 Kb6 49. Ra1 Bf3 50. Ke5 Bd5 51. Kd6 Kb5 52.
Re1 Kb4 53. Rxe6 Bf3 54. Ke5 1-0

[Event "Mitropa Cup 20th"]
[Site "Aymavilles"]
[Date "2000.11.24"]
[Round "7"]
[White "Costantini, Roberto"]
[Black "Zufic, Miroslav"]
[Result "0-1"]
[WhiteElo "2233"]
[BlackElo "2223"]
[PlyCount "72"]
[EventDate "2000.11.18"]
[EventType "team-tourn"]
[EventRounds "8"]
[EventCountry "ITA"]
[Source "ChessBase"]
[SourceDate "2001.01.11"]

1. e4 c5 2. Nf3 d6 3. d4 cxd4 4. Nxd4 Nf6 5. Nc3 a6 6. Be3 e5 7. Nb3 Be6 8. Be2
Nbd7 9. O-O Nb6 10. a4 Rc8 11. Qd2 Be7 12. Rfd1 h6 13. a5 Nc4 14. Bxc4 Bxc4 15.
f3 O-O 16. Nc1 Qc7 17. Na4 d5 18. b3 d4 19. Bxh6 Bb5 20. Qg5 Ne8 21. Qg3 Qxc2
22. Nd3 Rc6 23. Ne1 Qe2 24. Nd3 Rxh6 25. Nxe5 Bd6 26. Re1 Qc2 27. Rac1 Qxb3 28.
Nc5 Bxc5 29. Rxc5 d3 30. Ng4 Rg6 31. Rd5 Nf6 32. Nxf6+ Rxf6 33. Qh4 Rh6 34. Qe7
Qc3 35. Rf1 d2 36. Rd1 Qe3+ 0-1